| 000 | 01052nam a22003137a 4500 | ||
|---|---|---|---|
| 001 | 7112 | ||
| 003 | FISKH | ||
| 005 | 20250624085827.0 | ||
| 008 | 250624b cb ||||| |||| 00| 0 eng d | ||
| 020 | _a9780753450468 | ||
| 040 |
_aFISKH _beng _cFISKH _dFISKH |
||
| 050 | _aQB46 .S952 | ||
| 082 | _a520 | ||
| 100 | _aStott, Carole | ||
| 245 |
_aI wonder why stars twinkle and other questions about space / _cBy Carole Stott |
||
| 250 | _aFirst edition 1993 | ||
| 260 |
_aNew York : _bKingfisher Books , _c1993. |
||
| 300 |
_a32 pages : _bcolor illustrations ; _c28 cm . |
||
| 490 | _aI wonder why | ||
| 505 | _aJ | ||
| 520 | _aAnswers questions about space such as, "Are stars star-shaped," "Which is the coldest planet," and "What is a black hole." | ||
| 521 | 8 |
_a500
_bLexile estimate |
|
| 521 | 8 |
_aJ
_bRaz-Plus |
|
| 650 |
_aAstronomy-miscellanea _vJuvenile Literature |
||
| 650 |
_aSpace science-miscellaea _vJuvenile Literature |
||
| 700 |
_aGaff, Jackie _eSeries Edior |
||
| 942 |
_2ddc _cBK _n0 |
||
| 999 |
_c7112 _d7112 |
||